000 00842nam a22002297a 4500
999 _c5729
_d5729
005 20251125232803.0
008 s2539 th tha d
020 _a9742601313
040 _aNALT
041 _atha
050 _aJC375.G7 อ686 2539
245 1 0 _aอำนาจกับราชบัลลังก์
260 3 _aกรุงเทพฯ :
_bส่องสยาม,
_c2539
300 _a278 หน้า ;
_b 21 ซม.
650 0 4 _aกษัตริย์และผู้ครองนคร -- อังกฤษ
650 0 4 _aราชาธิปไตย -- อังกฤษ
650 0 4 _aสถาบันพระมหากษัตริย์ -- อังกฤษ
850 _aNALT
856 4 0 _uhttps://hdl.handle.net/20.500.14156/336607
_71
942 _cGB
_2lcc